000 00570 a2200157 4500
999 _c5104
_d5104
020 _a9780304331260
050 0 0 _aLC 3993.2 FAR 1997
100 1 _aFarrell, Peter
_eAuthor
245 1 0 _aTeaching pupils with learning difficulties :
_bstrategies and solutions /
_cPeter Farrell.
264 _aLondon:
_bCassell,
_c1997
300 _axi, 194 p. ;
500 _aIncludes bibliographical references (p. 171-183) and indexes.
650 0 _aLearning disabled children
_xEducation
942 _2lcc
_cBK
_h3993
_iFAR
_kLC